Organizational Management : (Record no. 176632)

000 -LEADER
fixed length control field 00716 a2200193 4500
003 - CONTROL NUMBER IDENTIFIER
control field Nust
005 - DATE AND TIME OF LATEST TRANSACTION
control field 20230327121802.0
010 ## - LIBRARY OF CONGRESS CONTROL NUMBER
LC control number 73021940
020 ## - INTERNATIONAL STANDARD BOOK NUMBER
International Standard Book Number 0063853558
040 ## - CATALOGING SOURCE
Transcribing agency Nust
082 00 - DEWEY DECIMAL CLASSIFICATION NUMBER
Classification number 658.4,LUN
100 1# - MAIN ENTRY--PERSONAL NAME
Personal name Lundgren, Earl F.
9 (RLIN) 111452
245 10 - TITLE STATEMENT
Title Organizational Management :
Remainder of title Systems and Process /
Statement of responsibility, etc. Earl F. Lundgren.
260 ## - PUBLICATION, DISTRIBUTION, ETC.
Place of publication, distribution, etc. San Francisco,
Name of publisher, distributor, etc. Canfield Press
Date of publication, distribution, etc. [1974]
300 ## - PHYSICAL DESCRIPTION
Extent xvii, 461 p.
Other physical details illus.
Dimensions 24 cm.
505 ## - FORMATTED CONTENTS NOTE
Formatted contents note Part 1:- Introduction (Page-2), Part 2:- Decision Theory (Page-82), Part 3:- Management Decision Areas (Page-144), Part 4:- Working with People (Page-252), Part 5:- The Job and the Challenge (Page-364).
650 #0 - SUBJECT ADDED ENTRY--TOPICAL TERM
Topical term or geographic name entry element Industrial management.
942 ## - ADDED ENTRY ELEMENTS (KOHA)
Source of classification or shelving scheme
Koha item type Book
Holdings
Withdrawn status Lost status Source of classification or shelving scheme Damaged status Not for loan Permanent Location Current Location Shelving location Date acquired Full call number Barcode Date last seen Price effective from Koha item type Public note
          Military College of Signals (MCS) Military College of Signals (MCS) General Stacks 12/12/2016 658.4,LUN MCS21231 12/08/2016 12/12/2016 Book Almirah No.75, Shelf No.2
© 2023 Central Library, National University of Sciences and Technology. All Rights Reserved.